Statistics for Sponsors of Multiple Sports Arenas

Click here to take the quiz!

General Stats

  • This quiz has been taken 23 times
  • The average score is 4 of 6

Answer Stats

TeamsCompany% Correct
SpursCowboysSF GiantsAT&T
81%
MavericksHeatAmerican Airlines
67%
GrizzliesRedskinsFedEx
67%
TimberwolvesTwinsTarget
67%
PiratesHurricanesPNC
62%
Blue JaysCanucksOilersRogers
57%

Score Distribution

Percentile by Number Answered

Percent of People with Each Score

Your Score History

You have not taken this quiz